000 00356 a2200169 4500
001 163511
020 _a85-209-0458-0
040 _cMagnum
100 _aLouzeiro, José
240 1 0 _aA gang do beijo
_lpor
245 1 0 _aA gang do beijo
300 _a189
362 0 _a1984
440 1 _aNova Fronteira
697 _aLITERATURA JUVENIL
942 _cBK
999 _c163511
_d163511